Catholic University of Zimbabwe Library
Online Public Access Catalogue
(OPAC)

State of Ambiguity (Record no. 25179)

MARC details
000 -LEADER
fixed length control field 02583nam a22003857a 4500
001 - CONTROL NUMBER
control field 100320
003 - CONTROL NUMBER IDENTIFIER
control field KnowledgeUnlatched
005 - DATE AND TIME OF LATEST TRANSACTION
control field 20210303105356.0
006 - FIXED-LENGTH DATA ELEMENTS--ADDITIONAL MATERIAL CHARACTERISTICS
fixed length control field m o d
007 - PHYSICAL DESCRIPTION FIXED FIELD--GENERAL INFORMATION
fixed length control field cr u||||||||||
008 - FIXED-LENGTH DATA ELEMENTS--GENERAL INFORMATION
fixed length control field 210129p20142017ncu o u00| u eng d
035 ## - SYSTEM CONTROL NUMBER
System control number (OCoLC)873034956
037 ## - SOURCE OF ACQUISITION
Institution to which field applies BiblioBoard
020 ## - INTERNATIONAL STANDARD BOOK NUMBER
International Standard Book Number 9780822376842
029 1# - OTHER SYSTEM CONTROL NUMBER (OCLC)
OCLC library identifier https://library.biblioboard.com/ext/api/media/64083ddd-9509-46c4-b70f-c3b48536e9a4/assets/thumbnail.jpg
040 ## - CATALOGING SOURCE
Original cataloging agency ScCtBLL
Transcribing agency ScCtBLL
245 00 - TITLE STATEMENT
Title State of Ambiguity
Remainder of title Civic Life and Culture in Cuba's First Republic /
Statement of responsibility, etc. Steven Palmer, José Antonio Piqueras, Amparo Sánchez Cobos.
264 #1 - PRODUCTION, PUBLICATION, DISTRIBUTION, MANUFACTURE, AND COPYRIGHT NOTICE
Name of producer, publisher, distributor, manufacturer Duke University Press,
300 ## - PHYSICAL DESCRIPTION
Extent 1 online resource (371 p.)
506 0# - RESTRICTIONS ON ACCESS NOTE
Terms governing access Access copy available to the general public.
Standardized terminology for access restriction Unrestricted
Source of term star
520 ## - SUMMARY, ETC.
Summary, etc. Cuba's first republican era (1902-1959) is principally understood in terms of its failures and discontinuities, its first three decades and the overthrow of Machado seen at best as a prologue to the "real" revolution of 1959. This book brings together scholars from North America, Cuba, and Spain to challenge this narrative, presenting republican Cuba instead as a time of meaningful engagement- socially, politically, and symbolically. Addressing a wide range of topics- civic clubs and folkloric societies, science, public health and agrarian policies, popular culture, national memory, and the intersection of race and labor- the contributors explore how a broad spectrum of Cubans embraced a political and civic culture of national self-realization. These essays recast the first republic as a time of deep continuity in processes of liberal state- and nation-building that were periodically disrupted- but also reinvigorated- by foreign intervention and profound uncertainty.
588 0# - SOURCE OF DESCRIPTION NOTE
Source of description note Description based on print version record.
590 ## - LOCAL NOTE (RLIN)
Local note KU Select 2016 Backlist Collection
650 #7 - SUBJECT ADDED ENTRY--TOPICAL TERM
Topical term or geographic name entry element History / Caribbean & West Indies / Cuba
Source of heading or term bisacsh
650 #0 - SUBJECT ADDED ENTRY--TOPICAL TERM
Topical term or geographic name entry element History
655 #0 - INDEX TERM--GENRE/FORM
Genre/form data or focus term Electronic books.
700 1# - ADDED ENTRY--PERSONAL NAME
Personal name Palmer, Steven
Relator term editor.
700 1# - ADDED ENTRY--PERSONAL NAME
Personal name Piqueras, José Antonio
Relator term editor.
700 1# - ADDED ENTRY--PERSONAL NAME
Personal name Cobos, Amparo Sánchez
Relator term editor.
758 ## -
-- Is found in:
-- Knowledge Unlatched
-- https://openresearchlibrary.org/module/2774bc74-146a-484f-a7ba-ab1d6a09bbfb
856 40 - ELECTRONIC LOCATION AND ACCESS
Uniform Resource Identifier <a href="https://openresearchlibrary.org/content/64083ddd-9509-46c4-b70f-c3b48536e9a4">https://openresearchlibrary.org/content/64083ddd-9509-46c4-b70f-c3b48536e9a4</a>
Public note View this content on Open Research Library.
-- 0
Holdings
Withdrawn status Lost status Source of classification or shelving scheme Damaged status Not for loan Home library Current library Shelving location Date acquired Total Checkouts Full call number Date last seen Uniform Resource Identifier Price effective from Koha item type
          Digital Library Digital Library Online Access 27.01.2021   F1784 .S73 2014 27.01.2021 https://muse.jhu.edu/book/64041/ 27.01.2021 eBook
          Digital Library Digital Library Online Access 03.03.2021     03.03.2021 https://openresearchlibrary.org/content/64083ddd-9509-46c4-b70f-c3b48536e9a4 03.03.2021 eBook

OPENING HOURS

Weekdays: 0815hrs - 1800hrs
Weekends:0900hrs - 1200hrs

Closed for Mass:

Mon, Thur: 1200hrs - 1300hrs
Sunday & Public Holiday’s

CALL SUPPORT

0242-570570, 0242-570169
09200664, +263 8644140602

LOCATION

18443, Cranborne Avenue, Hatfield, Harare

Other Links


©2021 | CUZ Library